| 000 | 00695nam a2200217 4500 | ||
|---|---|---|---|
| 005 | 20250502105412.0 | ||
| 010 | _aENG-144558 | ||
| 020 |
_a9789354730474 _c600.00 |
||
| 035 | _aEN-128090 | ||
| 037 | _bDBAD | ||
| 082 | _a341 | ||
| 245 |
_aConstitutionalism International Law & Public Policy 2021 Ahead/ _cSourabh Ubale; Omar Vera Muniz [and] Eduardo Rezklah |
||
| 250 | _a1st | ||
| 260 |
_aPune _bMarathwada Mitra Mandal's _c2021 |
||
| 270 |
_aShankarrao Chavan Law College _bPune |
||
| 300 |
_ax,236p. _c22cm(pbk) |
||
| 700 |
_aUbale,Sourabh _980490 |
||
| 700 |
_aMuniz, Omar Vera _980491 |
||
| 700 |
_aRezkalah, Eduardo _980492 |
||
| 942 |
_2ddc _cEN _mUBA _h341 _e1st |
||
| 999 |
_c210928 _d210928 |
||